000 00380nam a2200133Ia 4500
008 100328s9999 xx 000 0 und d
082 _b32350
100 _aदेशपांडे ज. शा.
245 _aनवे नवनीत
260 _bलोकसाहित्य
630 _aनवे नवनीत
730 _aनवे नवनीत
942 _cBOOK
999 _c523146
_d523143